000 00257nam a2200097Ia 4500
001 834975
005 20250826172445.0
008 250824s9999 xx 000 0 und d
245 0 _aYETİM SERÇENİN SERÜVENLERİ
_cSADETTİN KAPLAN
260 _bBİLGE YAYINLARI
999 _c834975
_d834975